Statistiques concernant Quel est ce personnage Hunter x Hunter ?

Cliquez ici pour prendre le quiz!

Statistiques générales

  • Ce quiz a été pris 395 fois
    (388 depuis la dernière actualisation)
  • Le résultat moyen est 31 sur 117

Statistiques - réponses

Réponse% Correct
Gon
99%
Kirua
98%
Kurapika
94%
Léolio
94%
Hisoka
93%
Netero
74%
Meruem
71%
Irumi
70%
Ging
66%
Kuroro
65%
Pitô
63%
Feitan
62%
Mito
61%
Kaito
60%
Tompa
60%
Biscuit
59%
Aruka/Nanika
53%
Silva
53%
Zeno
52%
Hanzo
48%
Uvôguine
45%
Genthru
44%
Yupi
43%
Pufu
42%
Zushi
42%
Nobunaga
40%
Pakunoda
40%
Franklin
39%
Wing
38%
Néon
36%
Machi
35%
Shizuku
35%
Karuto
34%
Knuckle
34%
Komugi
33%
Mike
33%
Sharnalk
32%
Miruki
31%
Phinks
31%
Koruto
30%
Morau
30%
Pâmu
30%
Pariston
30%
Gotô
29%
Kanaria
28%
Shoot
27%
Ponzu
26%
Razor
26%
Kastro
25%
Meleoron
25%
Senritsu
25%
Satotsu
24%
Korutopi
23%
Beans
21%
Bonorenof
21%
Amori
19%
Menchi
19%
Goreinu
18%
Ikarugo
18%
Imori
18%
Tsezugera
18%
Tsubone
18%
Pokkuru
17%
Umori
17%
Amane
16%
Bodoro
16%
Gitarakuru
16%
Guido
16%
Novu
16%
Zazan
16%
Cheadle
15%
Kikyô
14%
Right
14%
Battera
13%
Binolt
13%
Bashô
12%
Buhara
12%
Dwun
12%
Elena
11%
Nicolas
11%
Zepairu
11%
Sadaso
10%
Bara
9%
Barbon
9%
Gereta
9%
Zebulo
9%
Leoru
8%
Ramotto
8%
Vezze
8%
Ciquento
7%
Darzolne
7%
Riluberto
7%
Sukuwara
7%
Abengane
6%
Rippo
6%
Sabu
6%
Botobai Gigante
5%
Eather
5%
Rinsen
5%
Rist
5%
Welfin
5%
Burovûta
4%
Cheetu
4%
Cocco
4%
Flutter
4%
Geru
4%
Ginta
4%
Kara
4%
Mizaisutomu
4%
Saccimonno
3%
Sachho
3%
Saiyu
3%
Kurukku
2%
Mizuken
2%
Nikkes
2%
Piyon
2%
Kansai
1%

Distribution des résultats

Percentile par nombre de réponses

% des personnes avec chaque résultat

Votre développement - résultats

Vous n’avez pas pris ce quiz depuis la dernière actualisation